Pracovná cesta a cestovné náhrady

Zamestnávateľ písomne určuje miesto pracovnej cesty zamestnanca, čas nástupu, miesto výkonu práce v priebehu pracovnej cesty, ako aj dobu jej trvania a jej ukončenie. Môže určiť aj spôsob dopravy na pracovnú cestu, príp. aj ďalšie podmienky. Nároky zamestnanca pri vyslaní na pracovnú cestu.

Guardado en:
Detalles Bibliográficos
Autor principal: Mrukviová Tomiová, Sandra
Formato: Capítulo de libro
Lenguaje:eslovaco
Materias:
Etiquetas: Agregar Etiqueta
Sin Etiquetas, Sea el primero en etiquetar este registro!

MARC

LEADER 00000naa a2200000 4500
001 0212039
005 20231120135627.7
041 0 |a slo 
044 |a SK 
245 1 0 |a Pracovná cesta a cestovné náhrady  |c Sandra Mrukviová Tomiová 
520 |a Zamestnávateľ písomne určuje miesto pracovnej cesty zamestnanca, čas nástupu, miesto výkonu práce v priebehu pracovnej cesty, ako aj dobu jej trvania a jej ukončenie. Môže určiť aj spôsob dopravy na pracovnú cestu, príp. aj ďalšie podmienky. Nároky zamestnanca pri vyslaní na pracovnú cestu. 
610 2 0 |a cesty pracovné 
610 2 0 |a povinnosti zamestnávateľov 
610 2 0 |a zamestnanci 
610 2 0 |a práva pracovníkov 
100 1 |a Mrukviová Tomiová, Sandra